000
00305nam a22001337a 4500
008
180918b xxu||||| |||| 00| 0 eng d
020
_a
9781565335455
041
_a
eng
080
_2
9 ED
_a
610.73
100
_a
3
101
_a
SHM
245
_a
Rn Mental Health Nursing
_c
Spnmer.sh
942
_2
udc
_c
BK
999
_c
47937
_d
47937